Madre de Dios, camino al desarrollo sostenible : (Registro nro. 18026)
[ vista simple ]
| 000 -CABECERA | |
|---|---|
| Campo de control | 01126cam a2200253 i 4500 |
| 005 - FECHA Y HORA DE LA ULTIMA TRANSACCION | |
| Campo de control | 20180803170215.0 |
| 008 - ELEMENTOS DE LONGITUD FIJA—INFORMACION GENERAL | |
| Campo de control | 020703s2001 pe ab b f000 0 spa c |
| 040 ## - FUENTE DE CATALOGACIÓN | |
| Agencia catalogadora original | IXA |
| Agencia transcriptora | IXA |
| Agencia Modificadora | DLC |
| -- | CO-BoIAVH |
| 041 ## - IDIOMA | |
| Código de idioma para texto/pista de sonido o título separado | Español |
| 042 ## - AUTHENTICATION CODE | |
| Authentication code | pcc |
| 043 ## - GEOGRAPHIC AREA CODE | |
| Geographic area code | s-pe--- |
| -- | sa----- |
| 082 04 - NUMERO DE CLASIFICACION DECIMAL DEWEY | |
| Número de clasificación | 338.9 |
| Número del ítem | M18m |
| 245 00 - MENCION DE TITULO | |
| Título | Madre de Dios, camino al desarrollo sostenible : |
| Parte restante del título | propuesta de zonificación ecológica económica como base para el ordenamiento territorial. |
| 260 ## - PUBLICACION, DISTRIBUCION, ETC. (PIE DE IMPRENTA) | |
| Lugar de publicación, distribución, etc. | Puerto Maldonado : |
| Nombre del editor, distribuidor, etc. | Instituto de Investigaciones de la Amazonia Peruana, Consejo Transitorio de Administración Regional de Madre de Dios, |
| Fecha de publicación, distribución, etc. | 2001. |
| 300 ## - DESCRIPCION FISICA | |
| Extensión | 135 páginas : |
| Otros detalles físicos | col. ill., col. maps ; |
| Dimensiones | 30 cm. + |
| Material acompañante | 1 col. map (102 x 69 cm. folded to 26 x 19 cm.) |
| 650 14 - ASIENTO SECUNDARIO DE MATERIA - TERMINO TEMATICO | |
| Término temático o nombre geográfico como elemento de entrada | Política ambiental |
| Subdivisión geográfica | Peru |
| 9 (RLIN) | 54467 |
| 650 24 - ASIENTO SECUNDARIO DE MATERIA - TERMINO TEMATICO | |
| Término temático o nombre geográfico como elemento de entrada | Política ambiental |
| 9 (RLIN) | 92286 |
| 650 24 - ASIENTO SECUNDARIO DE MATERIA - TERMINO TEMATICO | |
| Término temático o nombre geográfico como elemento de entrada | Desarrollo sostenible |
| Subdivisión geográfica | Peru |
| 9 (RLIN) | 54469 |
| 650 24 - ASIENTO SECUNDARIO DE MATERIA - TERMINO TEMATICO | |
| Término temático o nombre geográfico como elemento de entrada | Áreas protegidas |
| Subdivisión geográfica | Peru |
| 9 (RLIN) | 54470 |
| 650 24 - ASIENTO SECUNDARIO DE MATERIA - TERMINO TEMATICO | |
| Término temático o nombre geográfico como elemento de entrada | Manejo forestal |
| Subdivisión geográfica | Peru |
| 9 (RLIN) | 54471 |
| 710 2# - ASIENTO SECUNDARIO - NOMBRE CORPORATIVO | |
| Nombre corporativo o de jurisdicción como elemento de entrada | Consejo Transitorio de Administración Regional de Madre de Dios. |
| 9 (RLIN) | 54472 |
| 942 ## - ELEMENTOS ADICIONALES (KOHA) | |
| Sistema de clasificación | Dewey Decimal Classification |
| Tipo de ítem | Libro |
| Withdrawn status | Lost status | Sistema de Clasificación | Damaged status | No para préstamo | Colección | Inventariado | Ubicación Permanente | Ubicación actual | Fecha de adquisición | Fuente de Valor | Valor | Total Checkouts | Número topográfico | Inventario / Código de Barras | Date last seen | Ejemplar | Price effective from | Tipo de material |
|---|---|---|---|---|---|---|---|---|---|---|---|---|---|---|---|---|---|---|
| Dewey Decimal Classification | General | Inventariado 2017 | Bogotá | Bogotá | 23/01/2016 | Instituto | 39000.00 | LB-338.9 M18m | 042198 | 23/01/2016 | Ej. 1 | 23/01/2016 | Libro |